Viaje a la Sierra Nevada de Santa Marta / (Record no. 7098)
[ view plain ]
| 000 -CABECERA | |
|---|---|
| campo de control de longitud fija | 00857cam a2200229 a 4500 |
| 001 - NÚMERO DE CONTROL | |
| campo de control | 000007317 |
| 005 - FECHA Y HORA DE LA ÚLTIMA TRANSACCIÓN | |
| campo de control | 20200929154131.0 |
| 008 - DATOS DE LONGITUD FIJA--INFORMACIÓN GENERAL | |
| campo de control de longitud fija | 751110s1992 ck 000 0 spa |
| 020 ## - NÚMERO INTERNACIONAL ESTÁNDAR DEL LIBRO | |
| Número Internacional Estándar del Libro | 9586120872 |
| 035 ## - NÚMERO DE CONTROL DEL SISTEMA | |
| Número de control de sistema | (DLC) 50031394 |
| 035 ## - NÚMERO DE CONTROL DEL SISTEMA | |
| Número de control de sistema | (OCoLC)1821984 |
| 040 ## - FUENTE DE LA CATALOGACIÓN | |
| Centro catalogador/agencia de origen | DO-SdBNP |
| Lengua de catalogación | spa |
| Centro/agencia transcriptor | BNPHU |
| Centro/agencia modificador | DLC |
| 082 ## - NÚMERO DE LA CLASIFICACIÓN DECIMAL DEWEY | |
| Número de clasificación | 910.09861 |
| Número de documento/Ítem | R299v |
| 100 1# - ENTRADA PRINCIPAL--NOMBRE DE PERSONA | |
| Nombre de persona | Reclus, Élisée, |
| Fechas asociadas al nombre | 1830-1905. |
| 9 (RLIN) | 20340 |
| 245 10 - MENCIÓN DE TÍTULO | |
| Título | Viaje a la Sierra Nevada de Santa Marta / |
| Mención de responsabilidad, etc. | Reclus Élisée ; prólogo Álvaro Rodríguez Torres. |
| 260 ## - PUBLICACIÓN, DISTRIBUCIÓN, ETC. | |
| Lugar de publicación, distribución, etc. | Bogotá : |
| Nombre del editor, distribuidor, etc. | Biblioteca V Centenario ; |
| -- | Colcultura ; |
| -- | Viajeros por Colombia, |
| Fecha de publicación, distribución, etc. | 1992. |
| 300 ## - DESCRIPCIÓN FÍSICA | |
| Extensión | 257 p. ; |
| Dimensiones | 24 cm. |
| 651 #4 - PUNTO DE ACCESO ADICIONAL DE MATERIA--NOMBRE GEOGRÁFICO | |
| Nombre geográfico | Magdalena (Colombia : Dept.{Rpara} |
| Subdivisión general | Descripciones Y Viajes. |
| 9 (RLIN) | 20341 |
| 651 #4 - PUNTO DE ACCESO ADICIONAL DE MATERIA--NOMBRE GEOGRÁFICO | |
| Nombre geográfico | Santa Marta Range (Colombia{Rpara} |
| 9 (RLIN) | 20342 |
| 700 1# - PUNTO DE ACCESO ADICIONAL--NOMBRE DE PERSONA | |
| Nombre de persona | Rodríguez Torres, Álvaro, |
| Término indicativo de función/relación | pról. |
| 9 (RLIN) | 20343 |
| 910 ## - DATOS DE OPCIÓN DEL USUARIO (OCLC) | |
| Datos de opción del usuario | Catalogación derivada |
| Estado de retiro | Estado de pérdida | Restricciones de uso | No para préstamo | Código de colección | Localización permanente | Ubicación/localización actual | Ubicación en estantería | Fecha de adquisición | Número de inventario | Total de préstamos | Signatura topográfica completa | Código de barras | Fecha visto por última vez | Precio válido a partir de | Tipo de ítem Koha |
|---|---|---|---|---|---|---|---|---|---|---|---|---|---|---|---|
| Préstamo interno | Monografías: Libros y Folletos | General | General | En catalogación | 07.09.2009 | LF1 | 910.09861 R299v | 7317-10 | 25.06.2020 | 25.06.2020 | Préstamo interno |
